My fathers house
| Main Author: | |
|---|---|
| Format: | Book |
| Published: |
New York :
Ticknor & Field ,
1988
|
MARC
| LEADER | 00000cam a2200000 7i4500 | ||
|---|---|---|---|
| 001 | 0000001357 | ||
| 002 | 000001494 | ||
| 005 | 20000330.0 | ||
| 020 | |a 0899197795 | ||
| 090 | 0 | 0 | |a F |b FRA |
| 100 | 0 | |a Fraser, Sylvia | |
| 245 | 1 | 0 | |a My fathers house |c Sylvia Fraser |
| 260 | |a New York : |b Ticknor & Field , |c 1988 | ||
| 300 | |a 254p. ; |c 22cm. | ||
| 999 | |a 030808 |b BUKU |c FICTION |e PERPUSTAKAAN KOMUNITI PETALING JAYA | ||